Introduction to psychology : (Record no. 1984)

MARC details
000 -LEADER
fixed length control field 00957cam a2200277 a 4500
001 - CONTROL NUMBER
control field 12226516
003 - CONTROL NUMBER IDENTIFIER
control field OSt
005 - DATE AND TIME OF LATEST TRANSACTION
control field 20151126231946.0
008 - FIXED-LENGTH DATA ELEMENTS--GENERAL INFORMATION
fixed length control field 001108s2000 at a b 001 0 eng
010 ## - LIBRARY OF CONGRESS CONTROL NUMBER
LC control number 00709650
020 ## - INTERNATIONAL STANDARD BOOK NUMBER
International Standard Book Number 0534576737
020 ## - INTERNATIONAL STANDARD BOOK NUMBER
International Standard Book Number 0534576729
040 ## - CATALOGING SOURCE
Original cataloging agency DLC
Transcribing agency DDC
Modifying agency DLC
050 00 - LIBRARY OF CONGRESS CALL NUMBER
Classification number BF121
Item number .C625 2000
082 00 - DEWEY DECIMAL CLASSIFICATION NUMBER
Classification number 150 COO 2001
Edition number 21
100 1# - MAIN ENTRY--PERSONAL NAME
Personal name Coon, Dennis.
9 (RLIN) 5184
245 10 - TITLE STATEMENT
Title Introduction to psychology :
Remainder of title gateways to mind and behavior /
Statement of responsibility, etc. Dennis Coon.
250 ## - EDITION STATEMENT
Edition statement 9th ed.
260 ## - PUBLICATION, DISTRIBUTION, ETC. (IMPRINT)
Place of publication, distribution, etc. Australia ;
-- Belmont, CA :
Name of publisher, distributor, etc. Wadsworth/Thompson Learning,
Date of publication, distribution, etc. [2000]
300 ## - PHYSICAL DESCRIPTION
Extent 1 v. (various pagings) :
Other physical details ill. (chiefly col.) ;
Dimensions 29 cm.
504 ## - BIBLIOGRAPHY, ETC. NOTE
Bibliography, etc Includes bibliographical references and indexes.
650 #0 - SUBJECT ADDED ENTRY--TOPICAL TERM
Topical term or geographic name as entry element Psychology
Form subdivision Textbooks.
9 (RLIN) 5170
906 ## - LOCAL DATA ELEMENT F, LDF (RLIN)
a 7
b cbc
c origcop
d 3
e ncip
f 20
g y-gencatlg
942 ## - ADDED ENTRY ELEMENTS (KOHA)
Source of classification or shelving scheme Other/Generic Classification Scheme
Koha item type Short Loan
Holdings
Withdrawn status Lost status Source of classification or shelving scheme Damaged status Not for loan Home library Current library Date acquired Source of acquisition Inventory number Total Checkouts Full call number Barcode Date last seen Price effective from Koha item type
    Other/Generic Classification Scheme     MUST Main Library MUST Main Library 05/06/2015 Purchase 2001/15956   150 COO 2001 2015-1761 05/06/2015 05/06/2015 Short Loan
    Other/Generic Classification Scheme     MUST Main Library MUST Main Library 05/06/2015 Purchase 2001/15957   150 COO 2001 2015-1776 05/06/2015 05/06/2015 Short Loan